000
00226nam a2200085Ia 4500
008
170620s9999 xx 000 0 und d
100
_a
Rao- Kondru Subba
245
0
_a
Gifted and Talented Education
260
_b
New Delhi- Sonali Publication
260
_c
2006
999
_c
24367
_d
24367